Boletín de la Asociación de Profesores Mercantiles / Director: Ramón Pérez Requeijo Ramón Pérez Requeijo
Descripción Física:
40 cm
Otros Autores:
Pérez Requeijo, Ramón
MARC
| LEADER | 00000nam a2200000Ia 4500 | ||
|---|---|---|---|
| 003 | BGR | ||
| 005 | 20260324175223.0 | ||
| 008 | 160829s1890 xx 000 0 cat d | ||
| 080 | |a Revistes | ||
| 245 | |a Boletín de la Asociación de Profesores Mercantiles / Director: |b Ramón Pérez Requeijo | ||
| 260 | |a [Madrid] : |b Establecimiento Tipográfico de José García, |c 1890 | ||
| 300 | |a 40 cm | ||
| 590 | |a Periodicitat desconeguda. | ||
| 590 | |a Descripció basada en: Año VIII, núm. 86 (febr. 1890) | ||
| 650 | |a Asociación de Profesores Mercantiles |x Revistes |9 21763 | ||
| 700 | 1 | |a Pérez Requeijo, Ramón |9 21764 | |
| 710 | 2 | |9 70366 |a Asociación de Profesores Mercantiles | |
| 866 | |a Any 8, 1890 (86) | ||
| 901 | |a Arxiu | ||
| 942 | |n 1 |2 udc |c MON | ||
| 952 | |0 0 |1 0 |4 0 |6 REVISTES |7 1 |9 41839 |a Arxiu |b Arxiu |d 2016-12-01 |l 0 |o Revistes |r 2016-12-01 00:00:00 |w 2016-12-01 |y ARXIU | ||
| 999 | |c 44255 |d 44255 | ||